| 000 | 00574nam a2200193 a 4500 | ||
|---|---|---|---|
| 005 | 20210223125141.0 | ||
| 008 | 031002s1932 ea r 000 0 eng d | ||
| 035 | _aUPN01000129488 | ||
| 049 | _aCG | ||
| 050 | 4 |
_aTA633 _bC7.2 |
|
| 100 | 1 | _aCross, Hardy | |
| 245 | 1 | 0 |
_aContinuous frames of reinforced concrete / _cby Hardy Cross and Newlin Dolbey Morgan. |
| 260 |
_aNew York : _bJ. Wiley, _cc1932. |
||
| 300 |
_a343 p. : _bil. |
||
| 650 | 4 | _aINGENIERIA CIVIL | |
| 650 | 4 |
_aCONCRETO - _xCONSTRUCCIONES _92925 |
|
| 700 | 1 |
_aMorgen, Newlin Dolbey, _ecoaut. |
|
| 905 | _aLibro | ||
| 999 |
_c101660 _d101660 |
||